000 00511nam a2200193 a 4500
001 1769488319084
003 YourLibrary
005 20260128114524.0
008 260127s1993##################000#0#eng##
020 _a9780415072854
082 0 4 _a302.23430947
_bTAY
100 1 _aTaylor, Richard,
_eauthor.
245 1 0 _aStalinism and Soviet Cinema :
260 _bPsychology Press,
_c1993.
300 _a277 pages
650 0 _aPerforming Arts.
942 _cENGLISH
040 _aYourLibrary
_beng
_cYourLibrary
999 _c609379
_d609379